000
00322nam a2200145Ia 4500
100
_a
Hobbs/ Ashton
942
_c
BK
654
_a
computer
245
_a
T.Y. Database Programming with JDBC in 21 days
260
_b
Techmedia
_c
1997
082
_a
005.133'JDBC
_b
HO
300
_a
524
546
_a
ENGLISH
999
_c
18712
_d
18712